000 00663nam a2200217Ia 4500
001 33229
008 140506s1986 ii a g b000 u 465 u
020 _a978-81-9108-255-5
082 _a339.5454
100 _aAdhyapok,
_ePradip Kumar .
245 0 _aEconomic Development of North East India
_c,Hemanta Saikia
_hTextual Documents
250 _aIst ed-2011 /
260 _aNew Delhi:
_bSSDN Publishers & Distributors,
_c1986.
300 _a236p:
_c23cm.
653 _aEconomic Development(North East India)
653 _aEconomic Development-Nort-East India
653 _aG-Sociology
653 _aG-Eco
700 _aSaikia,
_eHemanta.,
942 _2ddc
_cBK
999 _c33211
_d33211